Řízení a organizace inovací. Nový směr amerického managementu.
Zladenie technologických a trhových faktorov inovácie. Systémy riadenia výrobnej, hospodárskej a inovačnej činnosti. Vlastnosti byrokratickej organizácie a organizácie s organickým systémom riadenia. Formy hospodárskej organizácie inovačných procesov. Vedeckotechnické centrum v organizačnej štruktúr...
Guardado en:
| Autor principal: | |
|---|---|
| Formato: | Capítulo de libro |
| Lenguaje: | checo |
| Materias: | |
| Etiquetas: |
Sin Etiquetas, Sea el primero en etiquetar este registro!
|
MARC
| LEADER | 00000naa a2200000 4500 | ||
|---|---|---|---|
| 001 | r010066 | ||
| 005 | 20220831090705.5 | ||
| 041 | 0 | |a cze | |
| 044 | |a [CS] | ||
| 245 | 1 | 0 | |a Řízení a organizace inovací. |b Nový směr amerického managementu. |c J. Dědina |
| 520 | |a Zladenie technologických a trhových faktorov inovácie. Systémy riadenia výrobnej, hospodárskej a inovačnej činnosti. Vlastnosti byrokratickej organizácie a organizácie s organickým systémom riadenia. Formy hospodárskej organizácie inovačných procesov. Vedeckotechnické centrum v organizačnej štruktúre priemyslového združenia. Súčasné prístupy k organizácii inovačnej činnosti v priemyslových podnikoch. | ||
| 610 | 2 | 0 | |a manažment |
| 610 | 2 | 0 | |a riadenie podnikové |
| 610 | 2 | 0 | |a inovácia |
| 610 | 2 | 0 | |a technológie nové |
| 610 | 2 | 0 | |a štruktúra podniku organizačná |
| 610 | 2 | 0 | |a podnik priemyselný |
| 610 | 2 | 0 | |a výskum vedeckotechnický |
| 610 | 2 | 0 | |a systémy riadenia |
| 610 | 2 | 0 | |a výskum podnikový |
| 100 | 1 | |a Dědina, Jiří | |